000 00384pab a2200133 454500
008 180718b1983 xxu||||| |||| 00| 0 eng d
100 _aGroulx, Lionel
245 _aDeprofessionalisation of social service
_bDemands of democracy or pretensions to a new power
260 _c1983
300 _a38-44
650 _aSocial Service
773 _aInternational Social Work
909 _a18258
999 _c18258
_d18258